000 00560nam a2200169 i 4500
001 149893
003 ES-MaACL
005 20230906203312.0
007 t|
008 071024s1969 sp ||||1| spa d
100 1 _aValladares Conde, Alejandro.
_9112731
245 1 0 _aColección de fichas descriptivas de la maquinaria empleada en los trabajos de explotación forestal /
_cAlejandro Valladares.
260 _a[Madrid :
_bRealigraf,
_c1969]
300 _a313 p. ;
_c28 cm.
650 1 4 _aMáquinas forestales.
_914767
852 _aES-MaACL
_jC-35794
_bR.68450
999 _c149893
_d149893